Children, Schools, and Inequality (Record no. 3142)

MARC details
000 -LEADER
fixed length control field 01209cam a2200313 a 4500
001 - CONTROL NUMBER
control field 4015605
003 - CONTROL NUMBER IDENTIFIER
control field OSt
005 - DATE AND TIME OF LATEST TRANSACTION
control field 20230207123008.0
008 - FIXED-LENGTH DATA ELEMENTS--GENERAL INFORMATION
fixed length control field 970401s1997 couab b 001 0 eng
010 ## - LIBRARY OF CONGRESS CONTROL NUMBER
LC control number 97013520
020 ## - INTERNATIONAL STANDARD BOOK NUMBER
International Standard Book Number 0813308313 (hardcover : alk. paper)
040 ## - CATALOGING SOURCE
Original cataloging agency DLC
Transcribing agency DLC
Modifying agency DLC
043 ## - GEOGRAPHIC AREA CODE
Geographic area code n-us-md
050 00 - LIBRARY OF CONGRESS CALL NUMBER
Classification number LA303.B3
Item number E58 1997
082 00 - DEWEY DECIMAL CLASSIFICATION NUMBER
Classification number 320 ENT 1997
Edition number 21
100 1# - MAIN ENTRY--PERSONAL NAME
Personal name Entwisle, Doris R.; Alexander, Karl L.; Olson, Linda Steffel.
9 (RLIN) 6998
245 10 - TITLE STATEMENT
Title Children, Schools, and Inequality
260 ## - PUBLICATION, DISTRIBUTION, ETC. (IMPRINT)
Place of publication, distribution, etc. Boulder;
Name of publisher, distributor, etc. Westview Press,
Date of publication, distribution, etc. 1997.
300 ## - PHYSICAL DESCRIPTION
Extent xiii, 238 p. :
Other physical details ill., map ;
Dimensions 24 cm.
440 #0 - SERIES STATEMENT/ADDED ENTRY--TITLE
Title Social inequality series
9 (RLIN) 6999
504 ## - BIBLIOGRAPHY, ETC. NOTE
Bibliography, etc Includes bibliographical references & index.
650 #0 - SUBJECT ADDED ENTRY--TOPICAL TERM
Topical term or geographic name as entry element Child education
9 (RLIN) 7000
650 #0 - SUBJECT ADDED ENTRY--TOPICAL TERM
Topical term or geographic name as entry element Education, Elementary
9 (RLIN) 7001
856 42 - ELECTRONIC LOCATION AND ACCESS
Materials specified Contributor biographical information
Uniform Resource Identifier http://www.loc.gov/catdir/enhancements/fy0830/97013520-b.html
856 42 - ELECTRONIC LOCATION AND ACCESS
Materials specified Publisher description
Uniform Resource Identifier http://www.loc.gov/catdir/enhancements/fy0830/97013520-d.html
906 ## - LOCAL DATA ELEMENT F, LDF (RLIN)
a 7
b cbc
c orignew
d 1
e ocip
f 19
g y-gencatlg
942 ## - ADDED ENTRY ELEMENTS (KOHA)
Source of classification or shelving scheme Dewey Decimal Classification
Koha item type Short Loan
Holdings
Withdrawn status Lost status Source of classification or shelving scheme Damaged status Not for loan Home library Current library Date acquired Source of acquisition Inventory number Total Checkouts Full call number Barcode Date last seen Koha item type
    Dewey Decimal Classification     MUST Main Library MUST Main Library 02/03/2016 Purchase 01/15991   320 ENT 1997 2016-0307 02/03/2016 Short Loan
    Dewey Decimal Classification     MUST Main Library MUST Main Library 14/04/2016 Purchase 01/15990   320 ENT 1997 2016-0882 14/04/2016 Short Loan